| 000 | 00687 a2200229 4500 | ||
|---|---|---|---|
| 001 | 200141988 | ||
| 999 |
_c200141988 _d36305 |
||
| 003 | TR-AnTOB | ||
| 005 | 20231218135122.0 | ||
| 008 | 140121s2013 tu 000 0 | ||
| 040 | _aTR-AnTOB | ||
| 041 | _atur | ||
| 050 | 0 | 0 |
_aHD30.28 _bG45 2013 |
| 090 | _aHD30.28 G45 2013 | ||
| 110 |
_aTürkiye. _bGelir İdaresi Başkanlığı _995588 |
||
| 245 | 1 | 0 |
_aGelir İdaresi Başkanlığı : _b2014-2018 stratejik plan. |
| 264 | 1 |
_aAnkara: _bGelir İdaresi Başkanlığı, _c2007. |
|
| 300 |
_a33 s. : _bres., tbl. ; _c29 cm. |
||
| 650 | 1 | 7 |
_aStratejik planlama _zTürkiye _2etuturkob _950514 |
| 650 | 1 | 0 |
_aStrategic planning _zTurkey _950515 |
| 942 | _cBK | ||